[Event "Challenge"]
[Site "http://www.queenalice.com/game.php?id=1132619"]
[Date "2012.12.19"]
[Round "-"]
[White "fusiger"]
[Black "estouchegando"]
[Result "1-0"]
[WhiteElo "1596"]
[BlackElo "1564"]

1. e4 e5 2. Nf3 Nc6 3. Bc4 h6 4. Nc3 Bc5 5. d3 a6 6. O-O Nf6 7. h3 d6 8. Be3 Bb4
9. Ne2 Nh5 10. c3 Ba5 11. b4 Bb6 12. Bxb6 cxb6 13. d4 exd4 14. cxd4 Nxb4 15.
Bxf7+ Kxf7 16. Qb3+ Nd5 17. Qxd5+ Ke8 18. Qxh5+ Kf8 19. Nf4 Qf6 20. Ng6+ Kg8 21.
Nxh8 Kxh8 22. e5 dxe5 23. dxe5 Qe7 24. Rad1 Be6 25. Rd2 Bc4 26. Rfd1 Bf7 27. Qf5
Re8 28. Rd7 Qe6 29. Qxf7 Qxf7 30. Rxf7 Rc8 31. Rdd7 Rc1+ 32. Kh2 Rc2 33. Rxg7
1-0

[Event "1ª do Ano Bancas"]
[Site "http://www.queenalice.com/game.php?id=1138386"]
[Date "2013.1.8"]
[Round "-"]
[White "heberesteves"]
[Black "estouchegando"]
[Result "0-1"]
[WhiteElo "1591"]
[BlackElo "1567"]

1. e4 e5 2. d4 exd4 3. Qxd4 Nc6 4. Qd1 Qh4 5. Qf3 Nd4 6. Qd3 c5 7. g3 Qg4 8. c3
Ne6 9. Be2 Qg6 10. Nf3 f6 11. e5 Qxd3 12. Bxd3 Be7 13. b3 b6 14. a3 Bb7 15. Be2
fxe5 16. Nxe5 Bxh1 17. f3 Bf6 18. Bf4 g5 19. Be3 Bxe5 20. Bd2 Bg2 21. a4 Nf6 22.
Na3 O-O 23. O-O-O Nd5 24. Nc4 Bxc3 25. Bxc3 Nxc3 26. Rd2 Nd4 27. Bd3 Bxf3 28. h4
gxh4 29. gxh4 Rae8 30. Kb2 Nd5 31. Nd6 Re1 32. Bc4 Rf6 33. Ne8 Rxe8 34. h5 Kf8
35. Rd3 Re2+ 36. Ka3 Nc2+ 37. Kb2 Ncb4+ 38. Kc1 Na2+ 39. Kb1 Ndc3+ 40. Ka1 Re1+
41. Kb2 Rb1+ 42. Kc2 Be4 43. Bd5 Rf2# 0-1

[Event "1ª do Ano Pretas"]
[Site "http://www.queenalice.com/game.php?id=1138387"]
[Date "2013.1.8"]
[Round "-"]
[White "estouchegando"]
[Black "heberesteves"]
[Result "1-0"]
[WhiteElo "1584"]
[BlackElo "1598"]

1. e4 e5 2. Qh5 Qf6 3. Bc4 g6 4. Qf3 Qxf3 5. Nxf3 d6 6. Ng5 Nh6 7. Nc3 c6 8. d3
b5 9. Bb3 b4 10. Na4 Bd7 11. Be3 Ng4 12. Bd2 Nh6 13. Bxb4 c5 14. Bd2 Nc6 15. Nc3
Nd4 16. Bd5 Rb8 17. b3 Nxc2+ 18. Ke2 Nxa1 19. Rxa1 Be7 20. h3 Rc8 21. Nf3 O-O
22. Bxh6 Rfe8 23. Rh1 Bc6 24. Bc4 Bd8 25. a3 a5 26. a4 Bd7 27. Nd5 Be6 28. Bb5
Bxd5 29. Bxe8 Bxb3 30. Rb1 Be6 31. Rb5 c4 32. Rb7 c3 33. d4 c2 34. d5 Bxd5 35.
exd5 e4 36. Bxf7+ Kh8 37. Nd4 c1=Q 38. Bxc1 Rxc1 39. Ne6 Rc8 40. Rd7 Bb6 41.
Rxd6 Bc7 42. Rc6 h5 43. d6 Rb8 44. dxc7 Rb2+ 45. Ke3 Rb3+ 46. Kf4 Kh7 47. Ng5+
Kh6 48. Rxg6# 1-0

[Event "A REVANCHE"]
[Site "http://www.queenalice.com/game.php?id=1139450"]
[Date "2013.1.11"]
[Round "-"]
[White "estouchegando"]
[Black "Galdino_78"]
[Result "1-0"]
[WhiteElo "1558"]
[BlackElo "1379"]

1. e4 e5 2. Qh5 g6 3. Qxe5+ Qe7 4. Qxh8 Qxe4+ 5. Ne2 Ne7 6. Qxh7 Qxc2 7. Qh8 g5
8. Qe5 Bh6 9. d3 d6 10. Qh8+ Kd7 11. Qxh6 Qxd3 12. Nbc3 Qf5 13. Bxg5 Ng8 14. Qg7
Ne7 15. Bf4 Nbc6 16. g4 Qc2 17. g5 a6 18. Qxf7 Qxb2 19. Bh3+ Kd8 20. Qf8# 1-0

[Event "A REVANCHE 2"]
[Site "http://www.queenalice.com/game.php?id=1139451"]
[Date "2013.1.11"]
[Round "-"]
[White "Galdino_78"]
[Black "estouchegando"]
[Result "0-1"]
[WhiteElo "1325"]
[BlackElo "1610"]

1. Nf3 Nc6 2. Nc3 d5 3. e3 a6 4. Ng5 Ne5 5. d4 Ng4 6. Qf3 f6 7. Qxg4 Bxg4 8. Nf3
Bf5 9. h3 Bxc2 10. g4 c6 11. b4 Qd7 12. a3 g5 13. Ra2 Be4 14. Bg2 Bxf3 15. Bxf3
O-O-O 16. Na4 Qc7 17. h4 Rd6 18. hxg5 fxg5 19. e4 Rf6 20. Be2 b5 21. Nc5 Qb6 22.
Bxg5 Rd6 23. e5 Rg6 24. f4 h6 25. Bh4 h5 26. gxh5 Rg2 27. Kf1 Rg7 28. f5 Rf7 29.
Bd3 e6 30. Nxe6 Bh6 31. f6 Be3 32. Rh3 Rxh5 33. Bg6 Nxf6 34. Bxf7 Rf5+ 35. Ke2
Ng4 36. Bg6 Rxe5 37. Nc5 Bxd4+ 38. Kd3 Bxc5 39. bxc5 Qxc5 40. Rc2 Qxa3+ 41. Rc3
Qb2 42. Rxc6+ Kb7 43. Rc2 Qb1 44. Bh5 Rxh5 45. Kd2 Qb4+ 46. Kd1 Qd4+ 47. Rd2
Qa1+ 48. Ke2 Re5+ 49. Kd3 Qf1+ 50. Kc3 Qxh3+ 51. Kd4 Qe3# 0-1

[Event "Jogando igual gente grande"]
[Site "http://www.queenalice.com/game.php?id=1139462"]
[Date "2013.1.11"]
[Round "-"]
[White "estouchegando"]
[Black "luizhenriq19"]
[Result "0-1"]
[WhiteElo "1567"]
[BlackElo "1978"]

1. e4 c5 2. c4 Nc6 3. Nf3 d6 4. h3 g6 5. Qb3 Bg7 6. Qa4 Nf6 7. Nc3 O-O 8. d3 Bd7
9. Qb3 Rb8 10. Bg5 a6 11. Bxf6 Bxf6 12. Nd5 Bg7 13. Be2 b5 14. cxb5 Rxb5 15. Qc4
Be6 16. Ng5 Qa5+ 17. Kd1 Rxb2 18. Nf3 Nd4 19. Qc3 Qa4+ 20. Kc1 Nxe2+ 21. Kxb2
Nxc3 22. Nxc3 Rb8+ 23. Kc1 Bxc3 24. Rb1 Rxb1+ 25. Kxb1 Qxa2+ 26. Kc1 Qb2+ 27.
Kd1 Bb3# 0-1

[Event "vai em cara?"]
[Site "http://www.queenalice.com/game.php?id=1149487"]
[Date "2013.2.7"]
[Round "-"]
[White "estouchegando"]
[Black "FC"]
[Result "0-1"]
[WhiteElo "1615"]
[BlackElo "1640"]

1. e4 e5 2. Nc3 Nf6 3. Qe2 Be7 4. Nd5 O-O 5. d3 d6 6. Nxf6+ Bxf6 7. Be3 Nc6 8.
c3 Be6 9. Qh5 h6 10. O-O-O Bxa2 11. Qg4 Be6 12. Qg3 Bh4 13. Qf3 a5 14. g3 Bg5
15. h4 Bxe3+ 16. fxe3 d5 17. exd5 Bxd5 18. e4 Bb3 19. Rd2 Qe7 20. Rf2 b5 21. h5
Qg5+ 22. Kb1 b4 23. Bh3 bxc3 24. bxc3 a4 25. Bd7 Ne7 26. c4 a3 27. Nh3 Qf6 28.
Qg4 Qd6 29. Rd2 Rfd8 30. Bf5 a2+ 31. Kb2 Qb4 32. Qe2 Bd1+ 33. Ka1 Qb1# 0-1

[Event "ou vai corre?"]
[Site "http://www.queenalice.com/game.php?id=1149488"]
[Date "2013.2.7"]
[Round "-"]
[White "FC"]
[Black "estouchegando"]
[Result "0-1"]
[WhiteElo "1655"]
[BlackElo "1631"]

1. e4 e5 2. Nf3 Nc6 3. Bc4 h6 4. O-O Bc5 5. d3 Qf6 6. Nc3 Nb4 7. a3 Nc6 8. Nd5
Qd6 9. b4 Bd4 10. Nxd4 Nxd4 11. c3 c6 12. Ne3 Qg6 13. Qg4 Qf6 14. cxd4 exd4 15.
Nc2 d5 16. exd5 Bxg4 17. Nxd4 Qxd4 18. Re1+ Ne7 19. Be3 Qc3 20. d6 Nf5 21. Bd2+
Kd7 22. Bxc3 Kxd6 23. Be5+ Kd7 24. Bxf7 Rhf8 25. Bg6 Ne7 26. h3 Nxg6 27. hxg4
Rf7 28. d4 Raf8 29. Ra2 Nh4 30. Bg3 Ng6 31. Rae2 b5 32. Re6 Nf4 33. R6e3 Nd5 34.
Re5 Nc3 35. Rf5 Rxf5 36. gxf5 Rxf5 37. Re5 Rf6 38. Bh4 g5 39. Bg3 Re6 40. Rxe6
Kxe6 41. f4 Ne2+ 42. Kf2 gxf4 43. Bh4 Nxd4 44. g4 Nc2 45. Kf3 Ke5 46. g5 Nd4+
47. Kg4 hxg5 48. Bxg5 Ne2 0-1

[Event "Challenge"]
[Site "http://www.queenalice.com/game.php?id=1150567"]
[Date "2013.2.10"]
[Round "-"]
[White "soudeDeus"]
[Black "estouchegando"]
[Result "0-1"]
[WhiteElo "1423"]
[BlackElo "1601"]

1. g3 e5 2. Bg2 Qf6 3. b3 Bc5 4. e3 Ne7 5. Bb2 d5 6. f4 Nbc6 7. a3 Nf5 8. Bxd5
Nce7 9. Bxe5 Qb6 10. c4 O-O 11. Nc3 Rd8 12. b4 Bxe3 13. dxe3 Qxe3+ 14. Qe2 Qxe2+
15. Kxe2 Nh6 16. h3 Bf5 17. Bxb7 Bd3+ 18. Ke1 Rac8 19. Bxc8 Rxc8 20. c5 c6 21.
Nf3 Nhf5 22. Rg1 Ne3 23. Kd2 N7f5 24. Kxd3 Rd8+ 25. Ke4 f6 26. Bc7 Re8+ 27. Kd3
Re7 28. Bb8 Rd7+ 29. Ke2 Nc2 30. Ra2 Ncd4+ 31. Nxd4 Nxd4+ 32. Ke3 Rd8 33. Bxa7
Nf5+ 34. Kf3 Rd3+ 35. Kg4 Nh6+ 36. Kh4 Rxc3 37. g4 Rf3 38. f5 g5+ 39. Kh5 Rxh3#
0-1

[Event "Challenge"]
[Site "http://www.queenalice.com/game.php?id=1159067"]
[Date "2013.3.8"]
[Round "-"]
[White "AndersonSouza"]
[Black "estouchegando"]
[Result "0-1"]
[WhiteElo "1567"]
[BlackElo "1648"]

1. b3 d5 2. Bb2 c6 3. g3 d4 4. d3 e5 5. Bg2 Qa5+ 6. Qd2 Bb4 7. c3 dxc3 8. Nxc3
Nf6 9. h3 O-O 10. Nf3 Rd8 11. a3 Bxc3 12. Bxc3 Qd5 13. b4 e4 14. Nh4 Qb3 15.
Bxf6 gxf6 16. Bxe4 Be6 17. f3 f5 18. Bxf5 Bd5 19. e4 Re8 20. Kf2 Be6 21. Bxe6
Rxe6 22. Rhb1 Qa4 23. Qg5+ Rg6 24. Nxg6 Qc2+ 25. Kg1 hxg6 26. Rd1 Qc3 27. g4
Qd4+ 28. Kg2 Nd7 29. Kg3 Kg7 30. h4 f6 31. Qa5 Qd6+ 32. f4 b6 33. Qa4 b5 34. Qc2
Rh8 35. Rh1 Nf8 36. g5 Ne6 37. Raf1 Qd4 38. Rf3 fxg5 39. fxg5 Qe5+ 40. Kf2 Nd4
41. Qc3 Nxf3 42. Qxc6 Nxg5 43. Qd7+ Nf7 44. Ke3 Rd8 45. Qg4 Qd4+ 46. Ke2 Qxd3+
47. Kf2 Qc2+ 48. Qe2 Rd2 49. Qxd2 Qxd2+ 50. Kg3 Qe3+ 51. Kg2 Qxe4+ 52. Kg1 Qe3+
53. Kg2 Qxa3 54. h5 Qxb4 55. hxg6 Qe4+ 56. Kg1 Kxg6 57. Rh2 Qe1+ 58. Kg2 Ng5 59.
Rh4 Qxh4 0-1

[Event "2º Brancas"]
[Site "http://www.queenalice.com/game.php?id=1160911"]
[Date "2013.3.14"]
[Round "-"]
[White "heberesteves"]
[Black "estouchegando"]
[Result "0-1"]
[WhiteElo "1671"]
[BlackElo "1600"]

1. e4 e5 2. c3 Qh4 3. d3 Bc5 4. Qf3 d6 5. g3 Qe7 6. b4 Bb6 7. a4 c5 8. a5 Bc7 9.
d4 exd4 10. b5 h5 11. a6 Bg4 12. Qd3 bxa6 13. bxa6 Nc6 14. Nf3 Ba5 15. Be2 dxc3
16. Nxc3 Nb4 17. Qb5+ Bd7 18. Qb7 Nc2+ 19. Kf1 Bh3+ 20. Kg1 Nxa1 21. Qxa8+ Qd8
22. Bb5+ Bd7 23. Bxd7+ Kxd7 24. Qb7+ Qc7 25. Nd5 Qxb7 26. axb7 Ne7 27. Bb2 Nxd5
28. exd5 Nc2 29. Bxg7 Rb8 30. Ng5 Rxb7 31. Nxf7 Rb1+ 32. Kg2 Ne1+ 33. Kh3 Rd1
34. g4 Rd3+ 35. Kh4 Nf3+ 36. Kxh5 Rxd5+ 37. g5 Rf5 38. Nh6 Rxg5# 0-1

[Event "2º Pretas"]
[Site "http://www.queenalice.com/game.php?id=1161152"]
[Date "2013.3.15"]
[Round "-"]
[White "estouchegando"]
[Black "heberesteves"]
[Result "0-1"]
[WhiteElo "1665"]
[BlackElo "1631"]

1. e4 e5 2. Nf3 Nc6 3. Bc4 h6 4. O-O a6 5. c3 Nf6 6. Qb3 d5 7. exd5 Na5 8. Qa4+
b5 9. Qxa5 bxc4 10. Qa4+ Bd7 11. Qxc4 Bb5 12. Qb3 Bxf1 13. Kxf1 Qd6 14. Qa4+ Nd7
15. Na3 Be7 16. Nc4 Qxd5 17. Nfxe5 O-O 18. Nxd7 Qd3+ 19. Kg1 Rfd8 20. Nce5 Qe2
21. g3 f6 22. Qb3+ Kh7 23. Qc2+ Kh8 24. Ng6+ Kg8 25. Qb3+ Kh7 26. Nf4 Qe1+ 27.
Kg2 Rxd7 28. Qf7 Qe4+ 29. f3 Rf8 30. Qb3 Qf5 31. d4 g5 32. g4 Qb5 33. Qc2+ f5
34. a4 Qb6 35. a5 Qd6 36. Nh5 c5 37. gxf5 Kg8 38. Qb3+ Rf7 39. dxc5 Qxc5 40.
Qb8+ Rd8 41. Qb7 Qxf5 42. Qc6 Rd6 43. Qe8+ Rf8 44. Nf6+ Qxf6 45. Qh5 Rd5 46. Be3
Bc5 47. Re1 Bxe3 48. Rxe3 Rd2+ 49. Kf1 Kg7 50. Ke1 Qd6 51. f4 Rd1+ 52. Qxd1 Qxf4
53. Qd4+ Rf6 54. Re7+ Kg6 55. Qd3+ Rf5 56. Qxa6+ Kh5 57. Qe2+ g4 58. h3 Qg3+ 59.
Kd2 Qxh3 60. Re5 Rxe5 61. Qxe5+ Kh4 62. Qf4 Qg2+ 63. Kc1 h5 64. a6 Kh3 65. a7
Qg1+ 66. Kc2 Qxa7 67. Qf1+ Kh4 68. Qe1+ g3 69. Qe4+ Kg5 70. Qe5+ Kg4 71. Qe6+
Kh4 72. Qf6+ Kh3 73. Qf5+ Kg2 74. Qd5+ Kf2 75. Qf5+ Kg2 76. Qd5+ Kf1 77. Qf3+
Qf2+ 78. Qxf2+ gxf2 79. Kd1 h4 80. b4 h3 81. b5 h2 82. c4 h1=Q 83. b6 Kg2+ 84.
Ke2 f1=Q+ 85. Ke3 Qe1+ 86. Kd4 Kg3 87. c5 Qhe4# 0-1

[Event "Challenge"]
[Site "http://www.queenalice.com/game.php?id=1164629"]
[Date "2013.3.25"]
[Round "-"]
[White "soudeDeus"]
[Black "estouchegando"]
[Result "0-1"]
[WhiteElo "1603"]
[BlackElo "1619"]

1. b3 e5 2. Bb2 Nc6 3. g3 Qg5 4. Bg2 Bc5 5. e3 Qg6 6. Bxc6 dxc6 7. Bxe5 Bg4 8.
f3 Bh5 9. h3 Qe6 10. Bxg7 O-O-O 11. Bxh8 Bxe3 12. g4 Bxd2+ 13. Kf1 Bf4 14. Qe2
Ne7 15. Qxe6+ fxe6 16. Bf6 Rd1+ 17. Ke2 Rc1 18. Bxe7 Bg6 19. Bf6 Rxc2+ 20. Kd1
Bd3 21. Na3 Rd2+ 22. Ke1 Rg2 23. Rd1 Bg3# 0-1

[Event "Challenge"]
[Site "http://www.queenalice.com/game.php?id=1175300"]
[Date "2013.4.26"]
[Round "-"]
[White "Galdino_78"]
[Black "estouchegando"]
[Result "0-1"]
[WhiteElo "1390"]
[BlackElo "1648"]

1. e4 e5 2. Qh5 Bd6 3. Bc4 g6 4. Qg4 Nf6 5. Nc3 Nxg4 6. f3 Nf6 7. Nh3 h6 8. Nb5
Bc5 9. c3 O-O 10. d3 g5 11. g4 c6 12. Na3 b5 13. Bb3 b4 14. d4 exd4 15. e5 Qe8
16. Nc4 d5 17. Na5 Qxe5+ 18. Kf1 Ba6+ 19. Kg2 Qe2+ 20. Nf2 dxc3 21. bxc3 Qxf2+
22. Kh3 Qxf3# 0-1

[Event "Challenge"]
[Site "http://www.queenalice.com/game.php?id=1175301"]
[Date "2013.4.26"]
[Round "-"]
[White "Galdino_78"]
[Black "estouchegando"]
[Result "0-1"]
[WhiteElo "1396"]
[BlackElo "1634"]

1. e4 e5 2. Qh5 Nc6 3. Nf3 Nf6 4. Qg5 h6 5. Qf5 d5 6. Nxe5 Bxf5 7. Nxc6 bxc6 8.
exf5 Bc5 9. Nc3 Qe7+ 10. Be2 Ng4 11. h3 Nxf2 12. Rf1 Qh4 13. d3 Nxd3+ 14. Kd2
Nf2 15. Bf3 Qd4+ 16. Ke2 O-O 17. Rxf2 Rae8+ 18. Kf1 Qxf2# 0-1

[Event "Challenge"]
[Site "http://www.queenalice.com/game.php?id=1175302"]
[Date "2013.4.26"]
[Round "-"]
[White "Galdino_78"]
[Black "estouchegando"]
[Result "1-0"]
[WhiteElo "1382"]
[BlackElo "1588"]

1. e4 e5 2. Qh5 Nc6 3. Nc3 g6 4. Qg4 h5 5. Qh3 d5 6. Qe3 d4 7. Qd3 Nb4 8. Qb5+
Bd7 9. Qxb7 Bc6 10. Bb5 Nxc2+ 11. Kd1 Bd7 12. Kxc2 dxc3 13. bxc3 c6 14. Bxc6 Nf6
15. Bxd7+ Nxd7 16. Nf3 Nc5 17. Qb5+ Qd7 18. Qxd7+ Kxd7 19. Nxe5+ Ke6 20. d4 Nxe4
21. Re1 Kf5 22. f3 Nf2 23. Rf1 Ne4 24. fxe4+ Kxe4 25. Nxf7 Rg8 26. Ng5+ Kd5 27.
a4 Bh6 28. a5 Rae8 29. Nf3 Re2+ 30. Kd1 Bxc1 31. Kxe2 Bb2 32. Rab1 Bxc3 33. Rb5+
Kc4 34. Rc5+ Kb4 35. Rb1+ Ka4 36. Rxc3 Re8+ 37. Re3 Rd8 38. Ra1+ Kb4 39. Re7 a6
40. Ra7 Re8+ 41. Ne5 Kc3 42. Ke3 Re6 43. Rc1+ Kb2 44. Rc6 Re8 45. Rcxa6 Rd8 46.
Nd3+ Kc3 47. Rc6+ Kb3 48. Rb7+ Ka4 49. a6 Re8+ 50. Kd2 Ra8 51. Rc4+ Ka5 52. Kc2
Rxa6 53. Kb3 g5 54. Rc5# 1-0

[Event "Challenge"]
[Site "http://www.queenalice.com/game.php?id=1175304"]
[Date "2013.4.26"]
[Round "-"]
[White "estouchegando"]
[Black "Galdino_78"]
[Result "1-0"]
[WhiteElo "1654"]
[BlackElo "1401"]

1. e4 e5 2. Nf3 Qf6 3. c3 g5 4. Bc4 g4 5. Ng1 Bc5 6. d4 exd4 7. Ne2 h5 8. cxd4
Bb4+ 9. Bd2 c5 10. e5 Qc6 11. Qb3 Rh7 12. Bd5 Qg6 13. Nf4 Qf5 14. g3 a5 15. a4
Ne7 16. O-O Nbc6 17. Be3 Nxd4 18. Qc4 Qxe5 19. Nd2 Nef5 20. Rae1 Ra6 21. Bxd4
Qxe1 22. Rxe1+ Kf8 23. Bxc5+ Kg7 24. Bd4+ Nxd4 25. Qxd4+ f6 26. Re7+ Bxe7 27.
Qe4 Bd8 28. Qe8 Rh8 29. Qf7+ Kh6 30. Qg6# 1-0

[Event "Alberto X Clayton"]
[Site "http://www.queenalice.com/game.php?id=1175813"]
[Date "2013.4.27"]
[Round "-"]
[White "estouchegando"]
[Black "Luke1416"]
[Result "0-1"]
[WhiteElo "1564"]
[BlackElo "1404"]

1. e4 e5 2. Nf3 d6 3. Bb5+ c6 4. Bc4 b5 5. Bb3 h6 6. O-O Bg4 7. h3 Bxf3 8. Qxf3
Nf6 9. d3 Be7 10. Bd2 a5 11. a4 bxa4 12. Rxa4 O-O 13. Qg3 Kh7 14. Nc3 Na6 15.
Be3 Nb4 16. Nd1 c5 17. c3 Nxd3 18. Qh4 Rb8 19. Bc2 Nxb2 20. Ra1 Nxd1 21. Rfxd1
Nd5 22. Qh5 Nxe3 23. fxe3 g6 24. Qg4 Bg5 25. Rd3 Rb2 26. Bd1 Rb5 27. c4 Rb4 28.
h4 Bxh4 29. g3 Bg5 30. Rc1 f5 31. exf5 gxf5 32. Qh5 Qb8 33. Rxd6 Qxd6 34. Qf3 e4
35. Qf2 Qd3 36. Be2 Qa3 37. Qe1 Bxe3+ 38. Kh1 Qxc1 39. Qxc1 Bxc1 40. Kg2 a4 41.
Kf2 a3 42. Ke1 a2 43. Kd1 Ba3 0-1

[Event "Challenge"]
[Site "http://www.queenalice.com/game.php?id=1175814"]
[Date "2013.4.27"]
[Round "-"]
[White "estouchegando"]
[Black "Galdino_78"]
[Result "1-0"]
[WhiteElo "1660"]
[BlackElo "1395"]

1. e4 e5 2. Bc4 c5 3. Qh5 g6 4. Qxe5+ Qe7 5. Qxh8 Qxe4+ 6. Be2 Qxc2 7. Na3 Qe4
8. f3 Qh4+ 9. g3 Qd4 10. Qxh7 Nf6 11. Qh3 Nc6 12. Nb5 Qe5 13. f4 Qe4 14. Nf3 Kd8
15. Qh8 Qe8 16. Qxf6+ Qe7 17. Qh8 Nb4 18. Kd1 a6 19. Nc3 b5 20. a3 Nc6 21. Nd5
Qe6 22. Qxf8+ Qe8 23. Qd6 Qe7 24. Nxe7 Nxe7 25. Ne5 Ke8 26. Qf6 d6 27. Qh8+ Ng8
28. Qxg8+ Ke7 29. Qxf7+ Kd8 30. Nc6# 1-0

[Event "OS INCLIVEIS"]
[Site "http://www.queenalice.com/game.php?id=1186426"]
[Date "2013.5.31"]
[Round "-"]
[White "adelio"]
[Black "estouchegando"]
[Result "1-0"]
[WhiteElo "1821"]
[BlackElo "1640"]

1. d4 d5 2. e4 dxe4 3. Nc3 Nf6 4. f3 exf3 5. Nxf3 Bg4 6. h3 Bxf3 7. Qxf3 c6 8.
Be3 Qa5 9. Bc4 Qb4 10. Bxf7+ Kxf7 11. O-O Qxb2 12. Ne4 Qxc2 13. Qf5 Qd3 14. Ng5+
Ke8 15. Qc8# 1-0

[Event "OS INCLIVEIS"]
[Site "http://www.queenalice.com/game.php?id=1186464"]
[Date "2013.5.31"]
[Round "-"]
[White "estouchegando"]
[Black "adelio"]
[Result "0-1"]
[WhiteElo "1661"]
[BlackElo "1713"]

1. e4 e5 2. Nf3 f6 3. Bc4 c5 4. d4 g6 5. dxe5 Nc6 6. Qd5 Qe7 7. exf6 Nxf6 8. Qg5
Qxe4+ 9. Qe3 Qxe3+ 10. fxe3 h6 11. O-O d5 12. Bd3 Bf5 13. Bxf5 gxf5 14. Nh4 Ne7
15. Nc3 O-O-O 16. Nb5 Kb8 17. Bd2 a6 18. Ba5 Rd7 19. Bb6 Ne4 20. Ba7+ Ka8 21.
Rad1 Nd6 22. Nxd6 Kxa7 23. Ndxf5 Nxf5 24. Rxf5 d4 25. Ng6 Rg8 26. Nxf8 Rdg7 27.
Rd2 dxe3 28. Re2 c4 29. Ne6 Rg6 30. Nf4 Rg4 31. g3 h5 32. Rxh5 Rxf4 33. Rxe3 Rd4
34. Rhe5 Rd2 35. Rc3 b5 36. Re7+ Kb6 37. Re6+ Kc5 38. Re5+ Kd6 0-1